Thép công cụ /
Đã lưu trong:
| Tác giả chính: | |
|---|---|
| Định dạng: | Sách |
| Ngôn ngữ: | Vietnamese |
| Được phát hành: |
H. :
Khoa học và kỹ thuật ,
1970
|
| Phiên bản: | In lần thứ 1 |
| Những chủ đề: | |
| Các nhãn: |
Thêm thẻ
Không có thẻ, Là người đầu tiên thẻ bản ghi này!
|
| Thư viện lưu trữ: | Thư viện Trường CĐ Kỹ Thuật Cao Thắng |
|---|
| LEADER | 00667nam a2200217 a 4500 | ||
|---|---|---|---|
| 001 | TVCDKTCT2676 | ||
| 003 | Thư viện trường Cao đẳng Kỹ thuật Cao Thắng | ||
| 005 | 20050820000000 | ||
| 008 | 050820 | ||
| 980 | \ | \ | |a Thư viện Trường CĐ Kỹ Thuật Cao Thắng |
| 024 | |a RG_1 #1 eb0 i1 | ||
| 041 | 0 | # | |a vie |
| 082 | # | # | |a 669.142 / |b NG527K-th |
| 100 | 1 | # | |a Nguyễn Kim |
| 245 | 0 | 0 | |a Thép công cụ / |c Nguyễn Kim |
| 250 | # | # | |a In lần thứ 1 |
| 260 | # | # | |a H. : |b Khoa học và kỹ thuật , |c 1970 |
| 300 | # | # | |a 203tr. ; |c 19 cm |
| 650 | # | 4 | |a Thép |
| 650 | # | 4 | |a Sản xuất kim loại |
| 650 | # | 4 | |a Chế tạo kim loại |